LEADER 01321nam a2200229 4500 001 000000352226 003 CaOOAMICUS 005 20221111115507.0 008 221111s1877 it 000 u ita r 040 $aSeMil$bita 110 21$aTerziari francescani regolari.$0(OLS)http://semarc/name/94443 245 10$aRegola del Terz'Ordine regolare di S. Francesco d'Assisi e costituzioni per le religiose del medesimo ordine nell'Egitto. 264 1$aRoma :$bTipografia poliglotta della S. C. di Propaganda,$c1877. 300 $a194 p. ;$c20 cm 650 4$aTerziari francescani - Regole e costituzioni.$0(OLS)http://semarc/subject/46472 650 4$aFrancescane Missionarie del Cuore Immacolato di Maria dette d'Egitto - Regole e costituzioni.$0(OLS)http://semarc/subject/22783 710 2 $aFrancescane missionarie del Cuore Immacolato di Maria dette d'Egitto.$0(OLS)http://semarc/name/50261 850 $aSeMil 852 $aSeMil$W1$xVenegono$y1$m3Z II 24 FA$j235265$B243405$CSeMilBibl$Z2$F243405 $8I 996 $6245$aRegola del Terz'Ordine regolare di S. Francesco d'Assisi e costituzioni per le religiose del medesimo ordine nell'Egitto$9(OLS)http://semarc/title/442024 996 $6264$aRoma :$bTipografia poliglotta della S. C. di Propaganda$9(OLS)http://semarc/publisher/60747 LEADER 00849nam a2200181 i 4500 001 000000012489 003 CaOOAMICUS 005 20180830125441.0 008 180830s1915 it u000 u ita u 040 $aSeMil$bita 100 1 $aPagani, Giovanni Battista.$0(OLS)http://semarc/name/5956 245 10$aFacti, species et quaestiones de re morali /$cGiovanni Battista Pagani. 260 $aRoma :$bDesclée,$c1915- 300 $a2 v. ;$c26 cm. 774 0 $aPagani, Giovanni Battista$tActibus, de conscientia, de legibus, de peccatis, de decalogo, de iustitia, de contractibus, de censuris.$gPars1$w()51326 774 0 $aPagani, Giovanni Battista$tDe sacramentis in genere et in specie.$gPars$w()114364 996 $6245$aFacti, species et quaestiones de re morali$9(OLS)http://semarc/title/16598 996 $6260$aRoma :$bDesclée$9(OLS)http://semarc/publisher/30863